Imię męskie na literę "A" - Statystyki

Ogólne statystyki
  • Ten quiz został rozwiązany 129 razy
  • Średni wynik to 6 z 15
Statystyki odpowiedzi
Hint Odpowiedź % Poprawnych
. Adam
79%
. Antoni
69%
. Aleks
68%
. Aleksander
62%
. Adrian
57%
. Artur
52%
. Amadeusz
46%
. Alan
40%
. Albert
31%
. Adolf
28%
. Alfons
27%
. Aleksy
19%
. Alfred
18%
. Abraham
5%
. Angelo
0%
Nie znaleziono quizów pasujących do podanych kryteriów
Rozkład punktacji
Procent ludzi z każdym wynikiem
Percentyl według liczby udzielonych odpowiedzi
Twoja historia wyników
Nie rozwiązałeś tego quizu